Tài liệu hỗ trợ giáo viên tập sự môn ngữ văn

Môn ngữ văn và người giáo viên ngữ văn ở THPT; Một số vấn đề cần chú ý về nội dung kiến thức ngữ văn ở THPT; Một số vấn đề cần chú ý về phương pháp dạy học ngữ văn.

Enregistré dans:
Détails bibliographiques
Auteur principal: Hoàng Hữu Bội TS.
Collectivités auteurs: Ngân hàng phát triển Châu Á, Bộ giáo dục và đào tạo
Format: Livre
Langue:Vietnamese
Publié: Hà Nội Đại học Quốc gia Hà Nội 2013
Collection:Sách Dự án phát triển giáo viên THPT & TCCN
Sujets:
Tags: Ajouter un tag
Pas de tags, Soyez le premier à ajouter un tag!
Thư viện lưu trữ: Mạng thư viện Đại học Đà Nẵng
LEADER 01749nam a2200385 4500
001 000018307
003 14736
005 20131008101028.0
008 131008s2013 viesd
041 0 |a vie 
082 1 4 |a 895.9220712  |b HO-B 
100 1 |a Hoàng Hữu Bội  |c TS. 
245 1 0 |a Tài liệu hỗ trợ giáo viên tập sự môn ngữ văn  |c Hoàng Hữu Bội, Bộ Giáo dục và Đào tạo, Ngân hàng phát triển Châu Á 
260 |a Hà Nội  |b Đại học Quốc gia Hà Nội  |c 2013 
300 |a 178 tr.  |c 27 cm. 
490 |a Sách Dự án phát triển giáo viên THPT & TCCN 
500 |a Sách Dự án phát triển giáo viên THPT & TCCN - Trường Đại học Sư phạm, Đại học Thái Nguyên 
520 3 |a Môn ngữ văn và người giáo viên ngữ văn ở THPT; Một số vấn đề cần chú ý về nội dung kiến thức ngữ văn ở THPT; Một số vấn đề cần chú ý về phương pháp dạy học ngữ văn. 
650 0 4 |a Ngữ văn  |x Dạy và học 
650 0 4 |a Ngữ văn  |x Giáo dục trung học 
653 |a Ngữ văn 
653 |a Giáo viên trung học phổ thông 
653 |a Văn học 
710 1 |a Ngân hàng phát triển Châu Á 
710 1 |a Bộ giáo dục và đào tạo 
OWN |a LSP 
AVA |a UDN50  |b LSP  |d 895.9220712 HO-B  |e check_holdings  |t Error 5003 Not defined in file expand_doc_bib_avail.  |h N  |k 1 
999 |a From the UDN01 
AVA |a UDN50  |b LSP  |d 895.9220712 HO-B  |e available  |t Error 5001 Not defined in file expand_doc_bib_avail.  |f 25  |g 0  |h N  |i 33  |k 1 
TYP |a Monograph 
TYP |a Printed language 
980 |a Mạng thư viện Đại học Đà Nẵng